000 01528nam a2200313 a 4500
001 BRCA_3014
005 20190320204054.0
008 200109s1738----fr-a---###---#000-0#fre-u
041 _afre
044 _afr
084 _a334
_b.R54
_c1738
100 1 _aCervantes Saavedra, Miguel de
_d1547-1616
_9213
245 1 0 _aHistorie de l´Admirable Don Quichotte de la Manche
_cMiguel de Cervantes Saavedra ; Traduite par Filleau de Saint-Martin.
260 _aLyon (Francia)
_bRigollet
_c1738
300 _a6 v.
_bil.
_c17 cm.
500 _aContenido : v 1. Primera parte. Aviso del editor. Texto. -- v 2. Texto. -- v 3. Segunda parte. Texto. -- v 4. Segunda parte. -- v 5. Primera parte de la continuación escrita por el traductor. Texto. -- v 6. Segunda parte de la continuación escrita por el traductor
500 _aEdición : Nouvelle Edition Revuëe Corrigée et Augmentée Considerablement
500 _aReproducción exacta de la edición de Amaulry de 1717-21, y con las mismas láminas. Piel; lomeras decoradas con dorados Lúdovik Osterc
500 _aQM262
546 _aTexto en : francés
650 1 4 _aNovela española
_yÉpoca clásica, 1500-1700
_9215
650 1 4 _aLiteratura española
_yÉpoca clásica, 1500-1700
_9216
650 1 4 _aNovela española
_ySiglo XVII
_9217
650 1 4 _aDon Quijote (Personaje ficticio)
_eNovela
_9218
700 1 _aSaint-Martin, Francois Filleau de
_d1632-1695
_eTraductor
_98308
740 0 _aEl Ingenioso Hidalgo Don Quijote de la Mancha
902 _aQFM
942 _2lcc
_cB
999 _c2752
_d2752